000 05519cam a22014414i 4500
003 PE-LiUPU
005 20250813185427.0
008 150623s2001 sp a rb 000 0 spa d
020 _a8482672134
035 _a(Sirsi) i9788482672137
040 _aPE-LiUPU
_bspa
_cPE-LiUPU
_erda
049 _aPRUA
082 0 4 _a302.23
_bG19
_221
100 1 _aGálvez Alvarado, Rigoberto Manuel,
_eautor.
245 1 0 _aTeología de la comunicación :
_bun acercamiento bíblico a los medios masivos de comunicación /
_cRigoberto Manuel Gálvez Alvarado.
264 1 _aBarcelona :
_bEditorial CLIE,
_c2001.
300 _a237 páginas :
_bilustraciones ;
_c24 centímetros.
336 _atext
_2rdacontent
337 _aunmediated
_2rdamedia
338 _avolume
_2rdacarrier
490 0 _aComunicación Cristiana
504 _aIncluye bibliografía.
505 0 _aTeología de la comunicación -- La misión de la iglesia y la comunicación -- La comunicación como ciencia y como instrumento -- La iglesia y el uso de los medios masivos de comunicación -- Pastoral de los medios de comunicación -- La ética y los medios masivos de comunicación.
526 _aP202
526 _aP201
526 _aP163
526 _aP162
526 _aP161
526 _aP160
526 _aP148
526 _aP147
526 _aP146
526 _aP145
526 _aP144
526 _aP143
526 _aP142
526 _aP141
526 _aP140
526 _aP139
526 _aP138
526 _aP137
526 _aP136
526 _aP135
526 _aP134
526 _aP133
526 _aP129
526 _aP128
526 _aP127
526 _aP120
526 _aP119
526 _aP118
526 _aP116
526 _aP115
526 _aP114
526 _aP110
526 _aP109
526 _aP108
526 _aP104
526 _aP103
526 _aP102
526 _aP99
526 _aP98
526 _aP97
526 _aP96
526 _aP95
526 _aP93
526 _aP90
526 _aP89
526 _aP88
526 _aP83
526 _aP82
526 _aP62
526 _aP59
526 _aP58
526 _aP57
526 _aP51
526 _aP49
526 _aP48
526 _aP47
526 _aP29
526 _aP24
526 _aP20
526 _aP19
526 _aP17
526 _aP15
526 _aP14
526 _aP12
526 _aP10
526 _aP09
526 _aP08
526 _aP07
526 _aP06
526 _aP05
526 _aP04
526 _aP01
541 _g001-0000499;
541 _g001-0000706;
541 _g003-0003441;
650 0 4 _aEvangelismo radial y televisivo.
650 0 4 _aMedios de comunicación de masas
_xBiblia.
650 0 4 _aMisión de la iglesia.
942 _2ddc
_cBOOK
949 _a302.23 G19
_wDEWEY
_c1
_i49550
_lCCODEBUL1
_mBUL
_p14.00
_r0
_sY
_tBOOK
_u2015-6-24
_xTEOLOGIA
_PP35
_0COMPRA
_o.STAFF. Colección General
949 _a302.23 G19
_wDEWEY
_c2
_i50601
_lCCODEBUL1
_mBUL
_p14.00
_r0
_sY
_tBOOK
_u2015-6-24
_xTEOLOGIA
_PP35
_0COMPRA
_o.STAFF. Colección General
949 _a302.23 G19
_wDEWEY
_c3
_i53796
_lCCODEBUL1
_mBUL
_p14.00
_r0
_sY
_tBOOK
_u2015-6-24
_xTEOLOGIA
_PP35
_0COMPRA
_o.STAFF. Colección General
949 _a302.23 G19
_wDEWEY
_c4
_i55036
_lCCODEBUL1
_mBUL
_p14.00
_r0
_sY
_tBOOK
_u2015-6-24
_xTEOLOGIA
_PP35
_0COMPRA
_o.STAFF. Colección General
949 _a302.23 G19
_wDEWEY
_c5
_i57656
_d2016-9-13
_e2016-9-11
_lCCODEBUL1
_mBUL
_n1
_p14.00
_r0
_sY
_tBOOK
_u2015-6-24
_xTEOLOGIA
_PP35
_0COMPRA
_o.STAFF. Colección General
949 _a302.23 G19
_wDEWEY
_c6
_i62461
_lCCODEBUL1
_mBUL
_p16.00
_r0
_sY
_tBOOK
_u2015-6-24
_xTEOLOGIA
_PP35
_0COMPRA
_o.STAFF. Colección General
949 _a302.23 G19
_wDEWEY
_c7
_i68488
_d2016-5-25
_e2016-5-25
_lCCODEBUL1
_mBUL
_n1
_p17.00
_r0
_sY
_tBOOK
_u2015-6-24
_xTEOLOGIA
_PP35
_0COMPRA
_o.STAFF. Colección General
994 _aC0
_bPEPRU
596 _a1
999 _a302.23 G19
_wDEWEY
_c30767
_i49550
_f2021-11-11
_g5
_lCCODEBUL1
_mBUL
_p14.00
_r0
_sY
_tBOOK
_u2015-6-24
_xTEOLOGIA
_PP35
_0COMPRA
_o.STAFF. Colección General
_d30767
999 _a302.23 G19
_wDEWEY
_c2
_i50601
_f2021-11-11
_g5
_lCCODEBUL1
_mBUL
_p14.00
_r0
_sY
_tBOOK
_u2015-6-24
_xTEOLOGIA
_PP35
_0COMPRA
_o.STAFF. Colección General
999 _a302.23 G19
_wDEWEY
_c3
_i53796
_d2019-11-24
_e2019-11-20
_f2021-11-11
_g5
_lCCODEBUL1
_mBUL
_n2
_p14.00
_q1
_r0
_sY
_tBOOK
_u2015-6-24
_xTEOLOGIA
_PP35
_0COMPRA
_o.STAFF. Colección General
999 _a302.23 G19
_wDEWEY
_c4
_i55036
_f2021-11-11
_g5
_lCCODEBUL1
_mBUL
_p14.00
_r0
_sY
_tBOOK
_u2015-6-24
_xTEOLOGIA
_PP35
_0COMPRA
_o.STAFF. Colección General
999 _a302.23 G19
_wDEWEY
_c5
_i57656
_d2016-9-13
_e2016-9-11
_f2021-11-11
_g5
_lCCODEBUL1
_mBUL
_n1
_p14.00
_r0
_sY
_tBOOK
_u2015-6-24
_xTEOLOGIA
_PP35
_0COMPRA
_o.STAFF. Colección Teología
999 _a302.23 G19
_wDEWEY
_c6
_i62461
_f2021-11-11
_g5
_lCCODEBUL1
_mBUL
_p16.00
_r0
_sY
_tBOOK
_u2015-6-24
_xTEOLOGIA
_PP35
_0COMPRA
_o.STAFF. Colección General
999 _a302.23 G19
_wDEWEY
_c7
_i68488
_d2019-4-22
_e2019-4-12
_f2021-11-11
_g5
_lCCODEBUL1
_mBUL
_n3
_p17.00
_r0
_sY
_tBOOK
_u2015-6-24
_xTEOLOGIA
_PP35
_0COMPRA
_o.STAFF. Colección Teología
980 _81
_gALBERTO SANCHEZ Responsable de Automatización